Diseño e implementación de un pipeline de procesamiento digital de señales por hardware mediante módulos individuales reconfigurables por el usuario

Guardado en:
Bibliografiske detaljer
Hovedforfatter: Campos Murillo, José Esteban , 1990-
Andre forfattere: Ortiz Cubero, Esteban Alonso, 1983- Director de Proyecto Eléctrico
Format: Bog
Sprog:Spanish
Udgivet: [San José, Costa Rica] 2012
Fag:
Tags: Tilføj Tag
Ingen Tags, Vær først til at tagge denne postø!

MARC

LEADER 00000nam a22000007a 4500
003 010866
005 20230905142415.0
008 151022b2012 cr a|||| |||| 00| ||spa d
040 |c cru CEDI  
090 |a TFG 6688 
100 |9 1384  |a Campos Murillo, José Esteban , 1990- 
245 |a  Diseño e implementación de un pipeline de procesamiento digital de señales por hardware mediante módulos individuales reconfigurables por el usuario  
260 |a [San José, Costa Rica]  |c 2012 
300 |a  xiii, 74 hojas : ilustraciones 
500 |a Proyecto de graduación (bachillerato en ingeniería)--Universidad de Costa Rica. Facultad de Ingeniería. Escuela de Ingeniería Eléctrica 
501 |a Profesor Guía de IE-0502 Proyecto Eléctrico: Ing. Esteban Ortiz Cubero 
650 |x PROCESAMIENTO DE SEÑALES - TECNICAS DIGITALES   |x PROCESAMIENTO DE DATOS  |x CIRCUITOS DE INTERFAZ  |x  MATLAB (PROGRAMAS PARA COMPUTADORA)   |9 1755 
700 |9 884  |a Ortiz Cubero, Esteban Alonso, 1983-  |d Director de Proyecto Eléctrico  
942 |c CEDI 
999 |c 14256  |d 14256